| 000 | 01152cam a22003257a 4500 | ||
|---|---|---|---|
| 001 | 12992928 | ||
| 003 | OSt | ||
| 005 | 20251202073913.0 | ||
| 008 | 021105s2000 vtua b 000 0 eng | ||
| 010 | _a 2002115593 | ||
| 020 |
_a1899836438 _qpbk. |
||
| 020 |
_a9781899836437 _q(pbk.) |
||
| 035 | _a12992928 | ||
| 035 | _a(DLC) 2002115593 | ||
| 040 |
_aDLC _cDLC |
||
| 050 | 0 | 0 |
_aBF175.5 _b.M44 2008 |
| 100 | 1 |
_aBerman, Michael, _d1951- |
|
| 245 | 1 | 4 |
_aThe power of metaphor : _bstory telling & guided journeys for teachers, trainers & therapists / _cMichael Berman and David Brown. |
| 260 |
_aWilliston, VT : _bCrown House Pub., _c2000 _g(2002 printing) |
||
| 300 |
_aiii, 205 p. : _bill. ; _c24 cm. |
||
| 336 |
_atext _btxt _2rdacontent |
||
| 337 |
_aunmediated _bn _2rdamedia |
||
| 338 |
_avolume _bnc _2rdacarrier |
||
| 504 | _aIncludes bibliographical references (p. 203-205). | ||
| 700 | 1 | _aBrown, David. | |
| 906 |
_a7 _bcbc _corignew _d4 _eepcn _f20 _gy-gencatlg |
||
| 942 |
_2lcc _cBK |
||
| 999 |
_c265410 _d265409 |
||